000 00666pam a2200241 a 4500
001 4769181
003 LC
005 20160315143346.0
008 860418s1986 nyu 000 1 eng
010 _a 86008672
020 _a071162004502
040 _aDLC
_cDLC
_dDLC
050 0 0 _aPS 3573.A4334
_b.W195 1987
082 0 0 _aFIC
_bW15p 1986
100 1 _aWallach, Anne Tolstoi.
_918090
245 1 0 _aPrivate scores /
_cAnne Tolstoi Wallach.
260 _aNew York, N.Y. :
_bNew American Library,
_cc1987.
300 _a354 p. :
_c18 cm.
650 _aFiction.
_9746
906 _a7
_bcbc
_corignew
_d1
_eocip
_f19
_gy-gencatlg
942 _2lcc
_cBK
999 _c10893
_d10893